Прапори Європи - Statistics

General Stats
  • This quiz has been taken 148 times
  • The average score is 35 of 48
Answer Stats
Picture Answer % Correct
Ірландія
95%
Норвегія
91%
Ісландія
89%
Ватикан
85%
Франція
84%
Словенія
83%
Греція
83%
Німеччина
83%
Польща
83%
Україна
81%
Іспанія
81%
Естонія
80%
Люксембург
79%
Молдова
79%
Португалія
79%
Грузія
78%
Італія
77%
Нідерланди
75%
Фінляндія
75%
Велика Британія
75%
Росія
75%
Північна Македонія
74%
Азербайджан
73%
Бельгія
73%
Австрія
73%
Білорусь
73%
Румунія
72%
Словаччина
72%
Казахстан
70%
Туреччина
69%
Швейцарія
69%
Литва
68%
Угорщина
67%
Хорватія
67%
Чехія
67%
Албанія
67%
Болгарія
65%
Швеція
65%
Боснія і Герцеговина
64%
Сербія
64%
Ліхтенштейн
63%
Мальта
63%
Андорра
60%
Данія
60%
Монако
60%
Чорногорія
59%
Латвія
58%
Сан-Марино
57%
No matching quizzes found
Score Distribution
Percent of People with Each Score
Percentile by Number Answered
Your Score History
You have not taken this quiz